000 01299cam a22003617a 4500
003 CHAP
005 20220817042116.0
008 971013s1965 r 00010 d
010 _a34841
011 _a35813
035 _a39930
040 _cCHAP
082 _a636.5084
_bF3
110 _aFAO
245 1 3 _aLa alimentación de las aves en países topicales y subtropicales
260 _aRoma :
_bFAO,
_c1965
300 _a104 p.
490 0 _aFAO. Cuadernos de fomento agropecuario
_v; 82
590 _aBATCH-UPD
_b10
_c20130110
_lUCH01
_h1901
590 _aBATCH-UPD
_b10
_c20130410
_lUCH01
_h1229
590 _aBATCH-UPD
_b10
_c20130914
_lUCH01
_h0443
590 _aCONVERSION
_b10
_c20130109
_lUCH01
_h1319
650 1 4 _aAves de corral
_xAlimentación.
_98638
830 0 _aFAO. Cuadernos de fomento agropecuario
_v; 82
_939507
901 _aBK
942 _cLIBRO
949 _a636.5084 F3
_bBC
_cFAO
_d-91056
_eFAO1
_h53726
_i39930
_si
949 _a636.5084 F3
_bBC
_cFAO
_d-91057
_eFAO1
_fc.2
_h54124
_i39930
_si
949 _a636.5084 F3
_bBC
_cFAO
_d-91058
_eFAO2
_fc.3
_h54125
_i39930
_si
949 _a636.5084 F3
_bBC
_cFAO
_d-91059
_eFAO2
_fc.4
_h54126
_i39930
_si
949 _a636.5084 F3
_bBC
_cFAO
_d-91060
_eFAO2
_fc.5
_h54127
_i39930
_si
949 _a636.5084 F3
_bBC
_cFAO
_d-91061
_eFAO2
_fc.6
_h54128
_i39930
_si
999 _c34841
_d34841